000 00397cam a2200169 4500
001 D13423
008 090401t1910 xxu||||| |||| 00| 0 eng d
035 _a(Sirsi) u9692
041 _aeng
100 _aMessum, S.V.S.C.
245 _aHydrographic surveying: elementary
260 _bCharles Griffin & Co Ltd
_c1910
350 _a0
520 _aShelf 132
942 _n0
948 _c04/03/1997
999 _c86652
_d86652